| 000 | 01066nam a2200313 i 4500 | ||
|---|---|---|---|
| 003 | DO-SdBNP | ||
| 005 | 20260420170825.0 | ||
| 007 | ta | ||
| 008 | 260304b1998 dr a|||| |||| 00| 0 spa d | ||
| 040 |
_aDO-SdBNP _bspa _cBNPHU _erda |
||
| 041 | _aspa | ||
| 082 | 4 |
_a301 _bM385n 1998 _222 |
|
| 100 | 1 |
_aMartínez Almanzar, Juan Francisco, _d1950 - _eautor _4aut. _910459 |
|
| 245 | 1 | 0 |
_aNociones de sociología : _bintrodución a la ciencia sociales / _cJuan Francisco Martínez Almanzar. |
| 250 | _asexta edición | ||
| 264 | 1 |
_aSanto Domingo : _bEditora 9 de Octubre, _c1998. |
|
| 300 |
_a377 páginas : _bilustraciones ; _c21 cm. |
||
| 336 |
_atexto _btxt _2rdacontent |
||
| 337 |
_asin mediación _bn _2rdamedia |
||
| 338 |
_avolumen _bnc _2rdacarrier |
||
| 504 | _aBibliografía : páginas 375-377 | ||
| 590 | _aInventariado, 2026/BT | ||
| 650 | 4 |
_aSociología _xManuales _964735 |
|
| 650 | 4 |
_aCiencias sociales _91065 |
|
| 650 | 4 |
_aInvestigaciones _xMetodología _937127 |
|
| 650 | 0 |
_aJurisprudencia sociológica _94071 |
|
| 910 | _aBtavárez | ||
| 942 |
_2ddc _cLBS1 |
||
| 999 |
_c60417 _d60417 |
||